00553nam a2200157Ia 4500008004100000100002200041245011300063245003800176260002500214260000900239300002500248650001600273650001500289999001900304952007200323170224s9999 xx 000 0 und d aRobyn Ann Cameron aImproving Ethical Attitudes or Simply Teaching Ethical Codes? The Reality of Accounting Ethics Education  cRobyn Ann Cameron & Conor O'Leary bAccounting Education c2015 a24:4, Pages: 275-290 xAccountancy xAccounting c316142d316142 001040aCLbCLd2017-02-24l0r2017-02-24 00:00:00w2017-02-24ySE